| 000 | 00553nam a2200229Ia 4500 | ||
|---|---|---|---|
| 005 | 20251020182449.0 | ||
| 008 | 200515s9999 xx 000 0 und d | ||
| 020 | _a0-07-091700-0 | ||
| 082 | _a620.175/N26 | ||
| 100 | _aNash, William A. | ||
| 245 | 0 | _aTeoría y Problemas de Resistencia de Materiales | |
| 260 | _aMéxico D.F. | ||
| 260 | _bMcGRAW-HILL | ||
| 260 | _c1967 | ||
| 300 | _a299 | ||
| 300 | _bgraf. | ||
| 490 | _aCOMPENDIOS SCHAUM | ||
| 500 | _a1 ejemplar | ||
| 650 | _aRESISTENCIA DE MATERIALES | ||
| 942 | _cLIB | ||
| 999 |
_c810 _d810 |
||